Návrh koncepcie riešenia rozvoja chovu hovädzieho dobytka v Slovenskej republike.
Analýza doterajšieho stavu a súčasnej situácie na trhu výrobkov z chovu hovädzieho dobytka v SR. Vplyv zmien spotrebiteľských cien na sortimentnú štruktúru dopytu a na jeho výšku. Dlhodobejšie závery v rozvoji chovu hovädzieho dobytka.
Enregistré dans:
| Auteur principal: | |
|---|---|
| Autres auteurs: | |
| Format: | Chapitre de livre |
| Langue: | slovaque |
| Sujets: | |
| Tags: |
Pas de tags, Soyez le premier à ajouter un tag!
|
MARC
| LEADER | 00000naa a2200000 4500 | ||
|---|---|---|---|
| 001 | r006750 | ||
| 005 | 20221125081634.2 | ||
| 041 | 0 | |a slo | |
| 044 | |a [CS] | ||
| 245 | 1 | 0 | |a Návrh koncepcie riešenia rozvoja chovu hovädzieho dobytka v Slovenskej republike. |c J. Bodian, I. Šimko |
| 520 | |a Analýza doterajšieho stavu a súčasnej situácie na trhu výrobkov z chovu hovädzieho dobytka v SR. Vplyv zmien spotrebiteľských cien na sortimentnú štruktúru dopytu a na jeho výšku. Dlhodobejšie závery v rozvoji chovu hovädzieho dobytka. | ||
| 610 | 2 | 0 | |a dobytkárstvo |
| 610 | 2 | 0 | |a Slovensko |
| 610 | 2 | 0 | |a analýza ekonomická |
| 610 | 2 | 0 | |a výrobky poľnohospodárske |
| 610 | 2 | 0 | |a trh |
| 610 | 2 | 0 | |a dopyt |
| 610 | 2 | 0 | |a ceny maloobchodné |
| 610 | 2 | 0 | |a údaje štatistické |
| 610 | 2 | 0 | |a koncepcie |
| 610 | 2 | 0 | |a sortiment |
| 610 | 2 | 0 | |a výroba živočíšna |
| 100 | 1 | |a Bodian, J. | |
| 700 | 1 | |a Šimko, I. | |